|
|
|
|
| LEADER |
00000nab a2200000 ar4500 |
| 001 |
vtls009452813 |
| 003 |
SK-MaSNL |
| 005 |
20260304173357.0 |
| 008 |
081208c20081124xo mr|p|||||||000 b|slo |
| 015 |
|
|
|a SNKBUCL2009/01
|2 snkbucl
|
| 038 |
|
|
|a SNKBUCL
|
| 040 |
|
|
|a SNKBUCL
|b slo
|c SNKBUCL
|e AACR2
|
| 041 |
0 |
|
|a slo
|
| 044 |
|
|
|a xo
|c SK
|
| 080 |
|
|
|a 796.922.093.1
|x (100)
|2 2001
|
| 245 |
0 |
0 |
|a Slovenské sexteto bez bodu
|b úvod SP v behu na lyžiach: vo švédskom Gällivare triumfy domácich Helelinera a Kallovej
|
| 648 |
|
7 |
|a sezóna 2008/2009
|2 snkbucl
|9 1033714
|
| 650 |
0 |
7 |
|a beh na lyžiach
|2 snkbucl
|9 3259
|
| 650 |
0 |
7 |
|a Svetový pohár
|2 snkbucl
|9 842306
|
| 650 |
0 |
7 |
|a lyžovanie
|2 snkbucl
|9 3256
|
| 773 |
0 |
|
|t Šport
|g Roč. 62, č. 271 (24.11.2008), s. 45
|x 0139-7001
|
| 852 |
|
|
|a SNK
|b KIS3GCP
|
| 999 |
|
|
|c 3002944
|d 3004874
|